000 00332 a2200157 4500
001 18345
020 _a9788532260901
040 _cAnchieta - Bela Vista
100 _aDansa, Lecticia
240 1 0 _aPinĂ³quio
_lpor
245 1 0 _aPinĂ³quio
300 _a31
362 0 _a1997
650 4 _aLiteratura infanto-juvenil
942 _cBK
999 _c18345
_d18345